Our dark materials (Record no. 79486)

MARC details
000 -LEADER
fixed length control field 00997cab a22001935a 4500
001 - CONTROL NUMBER
control field L141440
008 - FIXED-LENGTH DATA ELEMENTS--GENERAL INFORMATION
fixed length control field 071126e20071109xxka f 000 0 eng d
035 ## - SYSTEM CONTROL NUMBER
System control number (Sirsi) u141440
041 0# - LANGUAGE CODE
Language code of text/sound track or separate title eng
100 1# - MAIN ENTRY--PERSONAL NAME
Personal name Lane, Thomas
245 00 - TITLE STATEMENT
Title Our dark materials
260 ## - PUBLICATION, DISTRIBUTION, ETC.
Date of publication, distribution, etc. 2007
490 #0 - SERIES STATEMENT
Series statement Building
Volume/sequential designation 272(8505) 9 November 2007, 44-47(4)
520 ## - SUMMARY, ETC.
Summary, etc. Looks at the embodied energy content of buildings, and examines why it is becoming increasingly important. Notes that embodied energy makes up a much higher percentage of a low-energy building's total lifetime carbon footprint that one that uses lots of energy. Such figures have prompted calls for legislation to regulate embodied energy. Explores this issue in more detail and considers ways to cut embodied energy. Provides a calculation for the embodied energy content of One Kingdom St, PaddingtonCentral, west London.
590 ## - LOCAL NOTE (RLIN)
Local note KA
651 #4 - SUBJECT ADDED ENTRY--GEOGRAPHIC NAME
Geographic name United Kingdom
Chronological subdivision
690 ## - LOCAL SUBJECT ADDED ENTRY--TOPICAL TERM (OCLC, RLIN)
Topical term or geographic name as entry element BUILT ENVIRONMENT-SUSTAINABLE CONSTRUCTION
942 ## - ADDED ENTRY ELEMENTS (KOHA)
Suppress in OPAC 0
Holdings
Withdrawn status Lost status Source of classification or shelving scheme Damaged status Not for loan Home library Current library Shelving location Date acquired Total Checkouts Full call number Barcode Date last seen Copy number Price effective from Koha item type
    Dewey Decimal Classification     London London Journal article 26/11/2007   L141440 141440-1001 06/08/2019 1 06/08/2019 Journal article